000 00728nam a2200289Ia 4500
005 20260324120838.0
008 008 260324s9999 xx 000 0 eng d
020 _a9780429480034
037 _aEBOOK
040 _aCRL
040 _beng
040 _cCRL
041 _2eng
041 _aeng
084 _qCRL
100 _aGlyn Hudson-Allez
_91138465
245 0 _aSexual Diversity and Sexual Offending
245 0 _bResearch, Assessment, and Clinical Treatment in Psychosexual Therapy
260 _bTaylor and Francis
260 _c2014
365 _a
365 _b205
856 _uhttp://www.taylorfrancis.com/books/9780429480034
942 _cEBOOK
999 _c1751934
_d1751934